00699nam a2200241 a 4500001001300000003000900013005001700022008004100039020002300080082001500103100001700118245003500135260003300170300000900203500003500212505001800247650002700265700001700292902000800309942000700317952011600324999001700440nice12345678IN_TiNIC20260116014331.0101028s2011 dela grp 000 0 eng  a9788178847597c85000a305.4bMOO aMoorthi, K S aReadings in Feminst Psychology aDelhi bCyber Techpub c2011 a272p aincludes index and biblioraphy2 abiblio, index aWomen and Human Rights1 aMoorthi, K S bSRS cBK 001040708StackRoom-aHMIbHMId2010-10-28g850.00l0o305.4 MOOp023395r2010-10-28v850.00w2010-10-28yBK c14858d14858